Ligue 1 winners - Statistics

General Stats
  • This quiz has been taken 36 times
    3 since last reset
  • The average score is 11 of 28
Answer Stats
Winners Runners-
up
Last Year Team % Correct
6 9 2009 Girondins de Bordeaux
100%
10 15 2010 Marseille
100%
13 9 2025 Paris Saint-Germain
100%
10 3 1981 AS Saint-Étienne
67%
6 7 2021 Lille
67%
7 5 2008 Lyon
67%
1 0 2012 Montpellier
67%
8 7 2001 Nantes
67%
4 3 1959 Nice
67%
1 5 1998 RC Lens
67%
1 0 1996 Auxerre
33%
3 1 1919 Le Havre
33%
8 8 2017 Monaco
33%
1 1 1979 RC Strasbourg
33%
2 1 1939 Sète
33%
2 3 1938 Sochaux
33%
6 3 1962 Stade de Reims
33%
1 0 1928 Stade Français
33%
1 1 1910 US Tourquennoise
33%
1 2 1927 CA Paris-Charenton
0%
1 4 1896 Club Français
0%
1 1 1945 FC Rouen
0%
1 0 1912 Fréjus Saint-Raphaël
0%
1 0 1905 Gallia Club Paris
0%
2 6 1936 Racing Club de France
0%
6 2 1947 RC Roubaix
0%
3 1 1913 Stade Helvétique
0%
5 0 1901 Standard Athletic Club
0%
No matching quizzes found
Score Distribution
Percent of People with Each Score
Percentile by Number Answered
Your Score History
You have not taken this quiz since the last reset